Generácie a ich vplyv na trh práce
Fundamentálna charakteristika generácií na trhu práce - baby boomers, generácia X, generácia Y. Aktuálny stav generácií na svetovom trhu práce. Porovnanie generácií na Slovensku so zahraničnou skúsenosťou.
Enregistré dans:
| Auteur principal: | |
|---|---|
| Autres auteurs: | |
| Format: | Chapitre de livre |
| Langue: | slovaque |
| Sujets: | |
| Tags: |
Pas de tags, Soyez le premier à ajouter un tag!
|
MARC
| LEADER | 00000naa$a2200000$$$4500 | ||
|---|---|---|---|
| 001 | 0249447 | ||
| 005 | 20240502074004.7 | ||
| 041 | 0 | |a slo | |
| 044 | |a SK | ||
| 245 | 1 | 0 | |a Generácie a ich vplyv na trh práce |c Helena Strážovská, Marián Čvirik |
| 520 | |a Fundamentálna charakteristika generácií na trhu práce - baby boomers, generácia X, generácia Y. Aktuálny stav generácií na svetovom trhu práce. Porovnanie generácií na Slovensku so zahraničnou skúsenosťou. | ||
| 610 | 2 | 0 | |a trh práce |
| 610 | 2 | 0 | |a generácie |
| 610 | 2 | 0 | |a mládež |
| 610 | 2 | 0 | |a práca |
| 610 | 2 | 0 | |a kariéra |
| 610 | 2 | 0 | |a motivácia |
| 610 | 2 | 0 | |a zamestnávatelia |
| 610 | 2 | 0 | |a Slovensko |
| 100 | 1 | |a Strážovská, Helena | |
| 700 | 1 | |a Čvirik, Marián, 1992- | |